| 000 | 00337nam a22001457a 4500 | ||
|---|---|---|---|
| 020 | _a978-81-7473-166-1 | ||
| 082 | _a617.601,A16D | ||
| 100 | _aDEBNATH,TIRTHANKAR | ||
| 245 | _aASHOK'S PUBLIC HEALTH AND PREVENTIVE DENTISTRY | ||
| 250 | _a3RD | ||
| 260 |
_aDELHI _bA.I.T.B.S _c2016 |
||
| 300 | _a253 | ||
| 650 | _aPCD | ||
| 942 |
_2ddc _cBK |
||
| 999 |
_c9861 _d9861 |
||